| 000 -LEADER |
| fixed length control field |
00680pam a2200205 a 4500 |
| 020 ## - INTERNATIONAL STANDARD BOOK NUMBER |
| ISBN |
002751238X : |
| 040 ## - CATALOGING SOURCE |
| Transcribing agency |
DLC |
| 082 00 - DEWEY DECIMAL CLASSIFICATION NUMBER |
| Classification number |
628 MAX 1993 A042 Or. |
| 100 1# - MAIN ENTRY--AUTHOR NAME |
| Personal name |
Kuklin, Susan. |
| 245 10 - TITLE STATEMENT |
| Title |
Fighting fires / |
| 250 ## - EDITION STATEMENT |
| Edition statement |
1st ed. |
| 260 ## - PUBLICATION, DISTRIBUTION, ETC. (IMPRINT) |
| Place of publication |
New York : |
| Name of publisher |
Bradbury Press ; |
| Place of publication |
Toronto : |
| Name of publisher |
Maxwell Macmillan Canada ; |
| Place of publication |
New York : |
| Name of publisher |
Maxwell Macmillan International, |
| Year of publication |
c1993. |
| 300 ## - PHYSICAL DESCRIPTION |
| Number of Pages |
1 v. (unpaged) : |
| Other physical details |
col. ill. ; |
| Dimensions |
21 x 26 cm. |
| 520 ## - SUMMARY, ETC. |
| Summary, etc |
Text and photographs present the vehicles, equipment, and procedures used by fire fighters. |
| 650 #0 - SUBJECT ADDED ENTRY--TOPICAL TERM |
| Topical Term |
Fire fighters |
| 650 #0 - SUBJECT ADDED ENTRY--TOPICAL TERM |
| Topical Term |
Fire extinction |
| 650 #1 - SUBJECT ADDED ENTRY--TOPICAL TERM |
| Topical Term |
Fire fighters. |
| 650 #1 - SUBJECT ADDED ENTRY--TOPICAL TERM |
| Topical Term |
Fire extinction. |
| 942 ## - ADDED ENTRY ELEMENTS (KOHA) |
| Koha item type |
សៀវភៅភាសាអង់គ្លេស |
| 952 ## - LOCATION AND ITEM INFORMATION (KOHA) |
| Withdrawn status [LOCAL, KOHA] |
0 |